000 00605nam a2200229Ia 4500
003 OSt
005 20220918190448.0
006 a|||||r|||| 00| 0
007 ta
008 220917b |||||||| |||| 00| 0 eng d
024 _a57,012
037 _cTextual
040 _aARTS
_cARTS
_beng
041 _2eng
_aeng
082 _aQ:R, K31
100 _aAlston William P
245 0 _aReligious belief and philosophical thought
_b readings in the philosophy of religion
260 _c1963
650 _aRELIGION
942 _hQ:R, K31
_cTEXL
_2CC
999 _c185269
_d185269